Normal view
MARC view
- COMPARATIVE POLITICS-INTRODUCTION.POLITICAL CHALLENGES
Entry Topical Term
001 - CONTROL NUMBER
- control field: 64548
003 - CONTROL NUMBER IDENTIFIER
- control field: NUST
005 - DATE AND TIME OF LATEST TRANSACTION
- control field: 20210628203309.0
008 - FIXED-LENGTH DATA ELEMENTS
- fixed length control field: 210628|| aca||aabn | a|a d
040 ## - CATALOGING SOURCE
- Original cataloging agency: NUST
- Transcribing agency: NUST
150 ## - HEADING--TOPICAL TERM
- Topical term or geographic name entry element: COMPARATIVE POLITICS-INTRODUCTION.POLITICAL CHALLENGES
670 ## - SOURCE DATA FOUND
- Source citation: Work cat.: (NUST): Kesselman, Mark, Krieger, Joel, Joseph, William A 64547, Introduction to comparative politics, political challenges and changing angendas, 2007
